000 00518pab a2200181 454500
008 180718b2005 xxu||||| |||| 00| 0 eng d
100 _aBoffo, Stefano
245 _aThe weakness of university legislative bodies: the cases of France and Italy
260 _c2005
300 _ap.35-54.
362 _aMar
650 _aUniversities - France
650 _aUniversities - Italy
650 _aUniversities
700 _aDubois, Pierre
773 _aInternational Review of Administrative Sciences
909 _a65229
999 _c65229
_d65229